Statistics for Top 10 Coal Producing Countries

Click here to take the quiz!

General Stats

  • This quiz has been taken 20 times
  • The average score is 8 of 10

Answer Stats

Coal Production (million tonnes) Country % Correct
3,874.0China
100%
906.9United States
100%
357.6Russia
100%
644.0Australia
95%
537.6India
95%
185.8Germany
84%
260.5South Africa
79%
137.1Poland
74%
458.0Indonesia
63%
108.7Kazakhstan
37%

Score Distribution

Percentile by Number Answered

Percent of People with Each Score

Your Score History

You have not taken this quiz